000 00344nam a22001457a 4500
003 NUST
005 20251008184820.0
082 _a598,BER
100 _aBerg, Bengt
_9131050
245 _aBirds of The North /
_cBengt Berg,
260 _aP. A. Norsted & Sons
_bStockholm
_c1925
300 _a175 p
650 _aBirds
_9131051
942 _2ddc
_cBK
999 _c615128
_d615128